00689nam a22001577a 4500008004100000020001500041050001300056100002400069245004800093260005000141300002400191500002000215505025900235650002000494700001700514111108t xxu||||| |||| 00| 0 eng d a0879671394 aHB34.F56 aSlesinger, Rubin E. aFocus: microeconomics /cRubin E. Slesinger aGuilford:bDushkin Publication Group;cc1976. a207p.:billsc28cm. aIncludes index. aContents: The Economic process -- Application of supply and demand analysis -- Market structure, competition, and public policy -- Government regulation of business -- Labor in the economy -- Income distribution -- Economic systems: capitalism in crisis. aMicroeconomics. aBeeson, Glen